00274 a2200097 450000500170000002000180001708200150003510000130005024500700006326000430013320250610065905.0 a9789976404425 a371.26 OMA aOMARI,M. aConcepts and Techniques in Educational Assessments and Evaluation aDodomabOxford University Press c2011